| 000 | 01132ncm a2200325 c 4500 | ||
|---|---|---|---|
| 003 | BLK | ||
| 005 | 20241005005459.0 | ||
| 008 | 180414b bul |a|er|||| |0| c|bulo| | ||
| 010 | _aNOT00000280000 | ||
| 040 | _aBLK | ||
| 041 |
_aDEU _cDEU |
||
| 080 |
_aТеатрална музика. Опера. Оперета. Балет _b782 _x _z782 |
||
| 100 |
_aХендел, Георг Фридрих _d1685 - 1759 _9387450 |
||
| 700 | 1 |
_aHandel, Georg Friedrich _e* _912313 |
|
| 139 |
_aХендел, Георг Фридрих _bХ 42 |
||
| 245 | 1 | 0 |
_aXerxes _bOper in drei Akten _cГеорг Фридрих Хендел; * Georg Friedrich Handel. |
| 246 | 1 | 1 |
_aSerse = Ксеркс = Ксеркс _bОpera in tree atti = Опера в 3 д. |
| 254 | _aОрк. партитура | ||
| 257 | _aDEU | ||
| 260 |
_аLeipzig _bDVFM 4010 _cS. a. |
||
| 300 |
_a179 с. _c33 см |
||
| 380 | _a7 | ||
| 500 | _aТекст на нем. и итал. ез. | ||
| 852 |
_aЦб М ІІ 2808 _p0 |
||
| 856 | 4 |
_qpdf _u |
|
| 856 | 4 |
_qpdf _u |
|
| 942 |
_cNOT _n0 |
||
| 944 |
_aCR _c14.11.2003 _k _lCRON CRON |
||
| 944 |
_aED _c23.11.2004 _k |
||
| 999 |
_c296930 _d296930 |
||